[Event "World Chess Olympiad 2018"]
[Site "Batumi"]
[Date "2018.09.26"]
[Round "3"]
[Board "3"]
[WhiteFideId "13602071"]
[White "Pantsulaia Levan"]
[BlackFideId "4901266"]
[Black "Munkhgal Gombosuren"]
[Result "1/2-1/2"]
[LiveChessVersion "1.4.8"]
[BlackElo "2452"]
[WhiteElo "2589"]

1. c4 {[%clk 1:30:57]} e6 {[%clk 1:30:39]} 2. g3 {[%clk 1:31:09]} Nf6
{[%clk 1:30:58]} 3. Bg2 {[%clk 1:31:33]} d5 {[%clk 1:31:19]} 4. Nf3
{[%clk 1:31:57]} dxc4 {[%clk 1:31:10]} 5. Qa4+ {[%clk 1:32:22]} Bd7
{[%clk 1:31:34]} 6. Qxc4 {[%clk 1:32:44]} c5 {[%clk 1:32:00]} 7. Ne5
{[%clk 1:33:00]} Qc8 {[%clk 1:31:30]} 8. d3 {[%clk 1:32:40]} Nc6 {[%clk 1:31:39]}
9. Nxd7 {[%clk 1:33:02]} Qxd7 {[%clk 1:32:05]} 10. Qa4 {[%clk 1:33:25]} Rc8
{[%clk 1:32:14]} 11. Nc3 {[%clk 1:33:50]} Be7 {[%clk 1:32:17]} 12. O-O
{[%clk 1:34:10]} O-O {[%clk 1:32:07]} 13. Rd1 {[%clk 1:32:13]} Rfd8
{[%clk 1:31:07]} 14. Bd2 {[%clk 1:32:22]} Nd5 {[%clk 1:28:27]} 15. Be1
{[%clk 1:29:37]} Nd4 {[%clk 1:21:04]} 16. Qxd7 {[%clk 1:27:56]} Rxd7
{[%clk 1:19:38]} 17. Nxd5 {[%clk 1:28:03]} exd5 {[%clk 1:19:43]} 18. e3
{[%clk 1:28:16]} Ne6 {[%clk 1:19:15]} 19. Rac1 {[%clk 1:26:08]} Rcd8
{[%clk 1:01:44]} 20. Rc2 {[%clk 1:26:09]} g6 {[%clk 1:01:46]} 21. a3
{[%clk 1:25:09]} b5 {[%clk 0:46:15]} 22. Kf1 {[%clk 1:19:48]} Rd6
{[%clk 0:40:58]} 23. Ke2 {[%clk 1:06:39]} f5 {[%clk 0:40:37]} 24. b4
{[%clk 0:46:15]} c4 {[%clk 0:38:54]} 25. dxc4 {[%clk 0:46:20]} dxc4
{[%clk 0:39:10]} 26. Rxd6 {[%clk 0:46:44]} Rxd6 {[%clk 0:39:33]} 27. a4
{[%clk 0:46:45]} a6 {[%clk 0:32:17]} 28. axb5 {[%clk 0:46:36]} axb5
{[%clk 0:32:43]} 29. Ra2 {[%clk 0:47:00]} Bf6 {[%clk 0:31:09]} 30. Ra7
{[%clk 0:37:39]} Bb2 {[%clk 0:16:52]} 31. Rb7 {[%clk 0:36:36]} Rd8
{[%clk 0:16:30]} 32. Rxb5 {[%clk 0:35:19]} c3 {[%clk 0:16:50]} 33. Bd5
{[%clk 0:32:56]} c2 {[%clk 0:17:07]} 34. Bxe6+ {[%clk 0:27:23]} Kf8
{[%clk 0:17:24]} 35. Rc5 {[%clk 0:27:47]} c1=Q {[%clk 0:17:35]} 36. Rxc1
{[%clk 0:28:11]} Bxc1 {[%clk 0:18:03]} 37. Bc4 {[%clk 0:25:23]} Bb2
{[%clk 0:15:30]} 38. b5 {[%clk 0:22:11]} Ke7 {[%clk 0:14:50]} 39. Bb4+
{[%clk 0:22:11]} Kd7 {[%clk 0:15:00]} 40. Bd5 {[%clk 0:52:29]} Rb8
{[%clk 0:40:58]} 41. Bc6+ {[%clk 0:52:50]} Kc7 {[%clk 0:41:20]} 42. f4
{[%clk 0:49:03]} Kb6 {[%clk 0:39:49]} 43. Kd3 {[%clk 0:46:01]} Rc8
{[%clk 0:35:39]} 44. e4 {[%clk 0:44:15]} Rxc6 {[%clk 0:28:04]} 45. bxc6
{[%clk 0:44:38]} Kxc6 {[%clk 0:27:38]} 46. e5 {[%clk 0:43:06]} Kd5
{[%clk 0:27:57]} 47. h3 {[%clk 0:39:48]} h5 {[%clk 0:27:58]} 48. h4
{[%clk 0:39:52]} Bc1 {[%clk 0:25:14]} 49. Be7 {[%clk 0:39:34]} Bb2
{[%clk 0:23:30]} 50. Bf8 {[%clk 0:38:01]} Bc1 {[%clk 0:20:53]} 51. Be7
{[%clk 0:36:21]} Bb2 {[%clk 0:21:16]} 1/2-1/2

[Event "World Chess Olympiad 2018"]
[Site "Batumi"]
[Date "2018.09.26"]
[Round "3"]
[Board "4"]
[WhiteFideId "4900774"]
[White "Nasanjargal Urtnasan"]
[BlackFideId "13602543"]
[Black "Jojua Davit"]
[Result "1/2-1/2"]
[LiveChessVersion "1.4.8"]
[BlackElo "2590"]
[WhiteElo "2470"]

1. d4 {[%clk 1:30:55]} g6 {[%clk 1:30:48]} 2. c4 {[%clk 1:28:20]} Bg7
{[%clk 1:31:09]} 3. Nc3 {[%clk 1:27:12]} d6 {[%clk 1:30:53]} 4. Nf3
{[%clk 1:25:36]} Nf6 {[%clk 1:31:07]} 5. g3 {[%clk 1:23:28]} O-O {[%clk 1:31:26]}
6. Bg2 {[%clk 1:23:50]} Nc6 {[%clk 1:31:48]} 7. O-O {[%clk 1:24:07]} e5
{[%clk 1:32:09]} 8. d5 {[%clk 1:22:24]} Nb8 {[%clk 1:32:22]} 9. e4
{[%clk 1:21:15]} a5 {[%clk 1:32:43]} 10. Ne1 {[%clk 1:21:37]} Na6
{[%clk 1:32:53]} 11. Nd3 {[%clk 1:12:33]} Nd7 {[%clk 1:32:23]} 12. Rb1
{[%clk 1:09:29]} Ndc5 {[%clk 1:30:11]} 13. b3 {[%clk 1:08:37]} f5
{[%clk 1:26:26]} 14. a3 {[%clk 1:01:02]} Nxd3 {[%clk 1:17:51]} 15. Qxd3
{[%clk 1:01:24]} f4 {[%clk 1:17:52]} 16. b4 {[%clk 1:00:54]} Bd7 {[%clk 1:14:04]}
17. c5 {[%clk 0:52:03]} axb4 {[%clk 0:49:44]} 18. axb4 {[%clk 0:52:25]} dxc5
{[%clk 0:40:43]} 19. b5 {[%clk 0:50:43]} Nb4 {[%clk 0:24:00]} 20. Qc4
{[%clk 0:50:23]} b6 {[%clk 0:23:16]} 21. d6+ {[%clk 0:46:23]} Kh8
{[%clk 0:22:34]} 22. dxc7 {[%clk 0:46:27]} Qc8 {[%clk 0:15:15]} 23. Rxb4
{[%clk 0:30:43]} cxb4 {[%clk 0:15:38]} 24. Nd5 {[%clk 0:31:05]} Ra7
{[%clk 0:09:43]} 25. Bd2 {[%clk 0:19:19]} Be6 {[%clk 0:08:27]} 26. Bxb4
{[%clk 0:16:41]} Bxd5 {[%clk 0:08:24]} 27. Qxd5 {[%clk 0:13:33]} Re8
{[%clk 0:03:36]} 28. Bd6 {[%clk 0:13:23]} Rxc7 {[%clk 0:04:01]} 29. Bxc7
{[%clk 0:12:52]} Qxc7 {[%clk 0:04:30]} 30. Qc6 {[%clk 0:09:20]} Qd8
{[%clk 0:04:24]} 31. Ra1 {[%clk 0:08:15]} Rf8 {[%clk 0:01:14]} 32. Ra6
{[%clk 0:07:55]} Qd1+ {[%clk 0:01:25]} 33. Bf1 {[%clk 0:08:20]} fxg3
{[%clk 0:01:35]} 34. hxg3 {[%clk 0:08:44]} Qd4 {[%clk 0:01:21]} 35. Qxb6
{[%clk 0:08:45]} Qxe4 {[%clk 0:01:50]} 36. Qc5 {[%clk 0:05:38]} Qd4
{[%clk 0:00:32]} 37. Qxd4 {[%clk 0:02:13]} exd4 {[%clk 0:01:01]} 38. b6
{[%clk 0:02:31]} Be5 {[%clk 0:00:34]} 39. Ra7 {[%clk 0:01:19]} Rd8
{[%clk 0:00:33]} 40. Bd3 {[%clk 0:30:33]} Rb8 {[%clk 0:30:35]} 41. Ra5
{[%clk 0:23:48]} Bxg3 {[%clk 0:23:38]} 42. fxg3 {[%clk 0:24:11]} Rxb6
{[%clk 0:24:04]} 43. Rd5 {[%clk 0:23:04]} Kg7 {[%clk 0:17:12]} 44. Kf2
{[%clk 0:19:03]} Rf6+ {[%clk 0:15:35]} 45. Kg2 {[%clk 0:18:27]} h5
{[%clk 0:12:43]} 46. Rd7+ {[%clk 0:17:34]} Kh6 {[%clk 0:12:34]} 47. Rxd4
{[%clk 0:17:56]} Kg5 {[%clk 0:12:34]} 48. Rd5+ {[%clk 0:17:50]} Kh6
{[%clk 0:12:58]} 49. Rc5 {[%clk 0:17:55]} Re6 {[%clk 0:09:34]} 50. Rc7
{[%clk 0:17:13]} Kg5 {[%clk 0:08:12]} 51. Kh3 {[%clk 0:15:34]} Rd6
{[%clk 0:07:30]} 52. Be4 {[%clk 0:15:03]} Re6 {[%clk 0:06:41]} 53. Bg2
{[%clk 0:15:08]} Kh6 {[%clk 0:05:44]} 54. Rc6 {[%clk 0:15:10]} Re5
{[%clk 0:05:05]} 55. Bf1 {[%clk 0:14:43]} Rg5 {[%clk 0:04:19]} 56. Bd3
{[%clk 0:14:50]} Rg4 {[%clk 0:04:13]} 57. Rc4 {[%clk 0:12:25]} Rg5
{[%clk 0:04:19]} 58. Kg2 {[%clk 0:12:48]} Rd5 {[%clk 0:03:48]} 59. Be4
{[%clk 0:13:08]} Re5 {[%clk 0:03:59]} 60. Kf3 {[%clk 0:13:30]} Re6
{[%clk 0:03:20]} 61. Rc5 {[%clk 0:13:26]} Rf6+ {[%clk 0:03:12]} 62. Ke3
{[%clk 0:12:16]} Re6 {[%clk 0:03:02]} 63. Ra5 {[%clk 0:12:12]} Rd6
{[%clk 0:03:01]} 64. Kf4 {[%clk 0:12:10]} Rf6+ {[%clk 0:02:52]} 65. Ke5
{[%clk 0:12:33]} Kg5 {[%clk 0:02:36]} 66. Bd5 {[%clk 0:10:47]} Rf5+
{[%clk 0:01:20]} 67. Ke4 {[%clk 0:11:13]} Rf6 {[%clk 0:00:53]} 68. Be6+
{[%clk 0:11:08]} Kh6 {[%clk 0:01:19]} 69. Bc4 {[%clk 0:09:54]} Rc6
{[%clk 0:01:24]} 70. Bd5 {[%clk 0:09:43]} Rf6 {[%clk 0:01:40]} 71. Ke5
{[%clk 0:09:38]} Rf5+ {[%clk 0:01:09]} 72. Ke6 {[%clk 0:09:16]} Rg5
{[%clk 0:00:48]} 73. Ra3 {[%clk 0:09:40]} Rf5 {[%clk 0:00:35]} 74. Be4
{[%clk 0:09:52]} Rf1 {[%clk 0:00:58]} 75. Ke5 {[%clk 0:09:30]} Rg1
{[%clk 0:00:47]} 76. Rb3 {[%clk 0:05:49]} Kg5 {[%clk 0:00:50]} 77. Rb6
{[%clk 0:05:44]} Rxg3 {[%clk 0:01:02]} 78. Rxg6+ {[%clk 0:06:06]} Kh4
{[%clk 0:01:31]} 79. Rb6 {[%clk 0:06:25]} Kg5 {[%clk 0:01:11]} 80. Rb8
{[%clk 0:06:41]} h4 {[%clk 0:01:16]} 81. Rh8 {[%clk 0:06:21]} h3 {[%clk 0:00:40]}
82. Rh7 {[%clk 0:05:37]} Kg4 {[%clk 0:00:39]} 83. Bf5+ {[%clk 0:05:59]} Kf3
{[%clk 0:01:06]} 84. Bxh3 {[%clk 0:06:09]} Rg8 {[%clk 0:00:39]} 85. Ra7
{[%clk 0:06:20]} Re8+ {[%clk 0:00:49]} 86. Be6 {[%clk 0:06:46]} Ke3
{[%clk 0:01:05]} 87. Ra3+ {[%clk 0:07:12]} Kd2 {[%clk 0:01:25]} 88. Kd5
{[%clk 0:07:34]} Rf8 {[%clk 0:01:21]} 89. Kd4 {[%clk 0:07:30]} Rf4+
{[%clk 0:01:40]} 90. Ke5 {[%clk 0:07:56]} Rf2 {[%clk 0:00:42]} 91. Bg4
{[%clk 0:07:23]} Rf8 {[%clk 0:00:53]} 92. Bf3 {[%clk 0:07:41]} Re8+
{[%clk 0:00:48]} 93. Kd4 {[%clk 0:08:07]} Rd8+ {[%clk 0:01:13]} 94. Bd5
{[%clk 0:08:34]} Rd7 {[%clk 0:01:10]} 95. Rd3+ {[%clk 0:08:49]} Ke2
{[%clk 0:01:28]} 96. Rh3 {[%clk 0:09:08]} Kf2 {[%clk 0:01:39]} 97. Ra3
{[%clk 0:09:13]} Rd8 {[%clk 0:01:53]} 98. Rb3 {[%clk 0:07:44]} Rd7
{[%clk 0:01:54]} 99. Ke4 {[%clk 0:08:10]} Rd8 {[%clk 0:02:06]} 100. Bf7
{[%clk 0:08:35]} Rd7 {[%clk 0:01:35]} 101. Bh5 {[%clk 0:08:57]} Rh7
{[%clk 0:01:41]} 102. Bg4 {[%clk 0:09:20]} Rf7 {[%clk 0:00:51]} 103. Bf5
{[%clk 0:09:42]} Re7+ {[%clk 0:01:08]} 104. Kf4 {[%clk 0:10:09]} Re8
{[%clk 0:01:25]} 105. Rb7 {[%clk 0:09:35]} Ke1 {[%clk 0:01:00]} 106. Rc7
{[%clk 0:07:58]} Kf2 {[%clk 0:01:16]} 107. Rd7 {[%clk 0:08:16]} Rf8
{[%clk 0:01:07]} 108. Rd2+ {[%clk 0:08:35]} Ke1 {[%clk 0:01:32]} 109. Rh2
{[%clk 0:08:30]} Kd1 {[%clk 0:01:24]} 110. Ke4 {[%clk 0:08:47]} Kc1
{[%clk 0:01:38]} 111. Bg4 {[%clk 0:08:34]} Rd8 {[%clk 0:00:44]} 112. Ke3
{[%clk 0:08:51]} Rg8 {[%clk 0:00:44]} 113. Bf3 {[%clk 0:08:34]} Rg3
{[%clk 0:00:36]} 114. Rf2 {[%clk 0:08:59]} Rg8 {[%clk 0:00:51]} 115. Be4
{[%clk 0:08:50]} Rc8 {[%clk 0:00:59]} 116. Bd3 {[%clk 0:07:53]} Rc7
{[%clk 0:01:05]} 117. Kd4 {[%clk 0:08:11]} Kd1 {[%clk 0:01:10]} 118. Bc4
{[%clk 0:06:27]} Rd7+ {[%clk 0:01:30]} 119. Kc3 {[%clk 0:06:43]} Re7
{[%clk 0:01:57]} 120. Bb5 {[%clk 0:03:12]} Re5 {[%clk 0:01:33]} 121. Rb2
{[%clk 0:01:29]} Ke1 {[%clk 0:01:04]} 122. Bd3 {[%clk 0:01:49]} Re8
{[%clk 0:00:41]} 123. Kd4 {[%clk 0:02:15]} Kd1 {[%clk 0:00:55]} 124. Be4
{[%clk 0:02:00]} Kc1 {[%clk 0:01:21]} 125. Rh2 {[%clk 0:01:57]} Rd8+
{[%clk 0:01:10]} 126. Ke3 {[%clk 0:02:23]} Rc8 {[%clk 0:01:38]} 127. Bf5
{[%clk 0:01:32]} Rc5 {[%clk 0:01:15]} 128. Rf2 {[%clk 0:01:00]} Rc6
{[%clk 0:01:09]} 129. Kd4 {[%clk 0:00:58]} Rc7 {[%clk 0:00:55]} 130. Bd3
{[%clk 0:01:22]} Kd1 {[%clk 0:01:10]} 131. Bc4 {[%clk 0:01:44]} Rd7+
{[%clk 0:01:36]} 132. Kc3 {[%clk 0:01:42]} Re7 {[%clk 0:02:01]} 133. Rf1+
{[%clk 0:01:41]} Re1 {[%clk 0:02:27]} 134. Rxe1+ {[%clk 0:02:08]} Kxe1
{[%clk 0:02:54]} 1/2-1/2

[Event "World Chess Olympiad 2018"]
[Site "Batumi"]
[Date "2018.09.26"]
[Round "3"]
[Board "1"]
[WhiteFideId "3507416"]
[White "Bacallao Alonso Yusnel"]
[BlackFideId "4700236"]
[Black "Dervishi Erald"]
[Result "1-0"]
[LiveChessVersion "1.4.8"]
[BlackElo "2567"]
[WhiteElo "2588"]

1. e4 {[%clk 1:30:57]} e5 {[%clk 1:30:55]} 2. Nf3 {[%clk 1:31:21]} Nc6
{[%clk 1:31:20]} 3. Bb5 {[%clk 1:31:46]} a6 {[%clk 1:31:45]} 4. Ba4
{[%clk 1:32:12]} Nf6 {[%clk 1:32:08]} 5. O-O {[%clk 1:32:36]} Be7
{[%clk 1:32:32]} 6. d3 {[%clk 1:33:00]} d6 {[%clk 1:31:13]} 7. c4
{[%clk 1:33:22]} O-O {[%clk 1:31:01]} 8. h3 {[%clk 1:33:46]} Nb8 {[%clk 1:27:24]}
9. c5 {[%clk 1:31:14]} c6 {[%clk 1:26:17]} 10. Nc3 {[%clk 1:28:20]} Nbd7
{[%clk 1:22:29]} 11. cxd6 {[%clk 1:28:39]} Bxd6 {[%clk 1:22:53]} 12. Be3
{[%clk 1:20:36]} Re8 {[%clk 1:18:38]} 13. Re1 {[%clk 1:16:59]} c5
{[%clk 1:09:44]} 14. Ne2 {[%clk 1:09:02]} h6 {[%clk 1:05:25]} 15. Rc1
{[%clk 1:07:54]} Bf8 {[%clk 1:01:12]} 16. Ng3 {[%clk 1:03:26]} b5
{[%clk 0:52:40]} 17. Bb3 {[%clk 1:03:15]} Bb7 {[%clk 0:53:03]} 18. Nh4
{[%clk 0:52:50]} Nd5 {[%clk 0:45:29]} 19. Ng6 {[%clk 0:51:43]} Nxe3
{[%clk 0:39:27]} 20. Rxe3 {[%clk 0:51:14]} Qb6 {[%clk 0:34:41]} 21. Nxf8
{[%clk 0:45:30]} Nxf8 {[%clk 0:32:26]} 22. Qh5 {[%clk 0:44:52]} Ng6
{[%clk 0:24:41]} 23. Nf5 {[%clk 0:44:15]} Bc8 {[%clk 0:16:58]} 24. Rg3
{[%clk 0:41:53]} Bxf5 {[%clk 0:03:55]} 25. Bxf7+ {[%clk 0:42:06]} Kxf7
{[%clk 0:03:20]} 26. exf5 {[%clk 0:42:29]} Kf8 {[%clk 0:02:13]} 27. Rxg6
{[%clk 0:42:45]} Qd8 {[%clk 0:01:51]} 28. f6 {[%clk 0:41:49]} gxf6
{[%clk 0:02:11]} 29. Qxh6+ {[%clk 0:41:56]} Kf7 {[%clk 0:02:16]} 30. Rxc5
{[%clk 0:42:17]} 1-0

[Event "World Chess Olympiad 2018"]
[Site "Batumi"]
[Date "2018.09.26"]
[Round "3"]
[Board "2"]
[WhiteFideId "4700600"]
[White "Mehmeti Dritan"]
[BlackFideId "3503321"]
[Black "Gonzalez Vidal Yuri"]
[Result "0-1"]
[LiveChessVersion "1.4.8"]
[BlackElo "2566"]
[WhiteElo "2391"]

1. c4 {[%clk 1:30:50]} e6 {[%clk 1:30:40]} 2. Nc3 {[%clk 1:29:15]} d5
{[%clk 1:30:52]} 3. d4 {[%clk 1:23:59]} Bb4 {[%clk 1:30:24]} 4. Nf3
{[%clk 1:21:53]} Nf6 {[%clk 1:28:01]} 5. cxd5 {[%clk 1:19:35]} exd5
{[%clk 1:28:19]} 6. Bg5 {[%clk 1:19:43]} h6 {[%clk 1:27:02]} 7. Bxf6
{[%clk 1:18:58]} Qxf6 {[%clk 1:27:23]} 8. Qa4+ {[%clk 1:18:35]} Nc6
{[%clk 1:27:43]} 9. e3 {[%clk 1:15:14]} O-O {[%clk 1:27:42]} 10. Be2
{[%clk 1:11:06]} Be6 {[%clk 1:26:47]} 11. O-O {[%clk 1:09:57]} a6
{[%clk 1:25:56]} 12. Ne5 {[%clk 0:58:26]} Bxc3 {[%clk 1:18:47]} 13. Nxc6
{[%clk 0:58:32]} Bxb2 {[%clk 1:17:48]} 14. Rab1 {[%clk 0:58:55]} Bd7
{[%clk 1:15:09]} 15. Rxb2 {[%clk 0:58:53]} Bxc6 {[%clk 1:14:33]} 16. Qb3
{[%clk 0:57:13]} Qd6 {[%clk 1:08:15]} 17. Rc1 {[%clk 0:57:02]} Rfe8
{[%clk 0:47:31]} 18. h3 {[%clk 0:50:30]} Re7 {[%clk 0:44:40]} 19. Rbc2
{[%clk 0:47:46]} g6 {[%clk 0:34:14]} 20. Rc5 {[%clk 0:46:45]} Kg7
{[%clk 0:33:13]} 21. Bf3 {[%clk 0:40:45]} Rd8 {[%clk 0:31:01]} 22. a4
{[%clk 0:40:29]} Re6 {[%clk 0:26:18]} 23. a5 {[%clk 0:39:58]} h5 {[%clk 0:20:20]}
24. Be2 {[%clk 0:30:04]} Qd7 {[%clk 0:19:27]} 25. Qc3 {[%clk 0:29:50]} Ra8
{[%clk 0:18:55]} 26. Bd3 {[%clk 0:28:27]} Kg8 {[%clk 0:15:45]} 27. Be2
{[%clk 0:26:36]} Rd6 {[%clk 0:15:31]} 28. Bd3 {[%clk 0:26:02]} Qe7
{[%clk 0:13:51]} 29. Qb2 {[%clk 0:24:02]} Qf6 {[%clk 0:10:58]} 30. Qc3
{[%clk 0:23:40]} h4 {[%clk 0:10:14]} 31. Be2 {[%clk 0:22:02]} Qe7
{[%clk 0:09:40]} 32. Bd3 {[%clk 0:21:48]} Qf6 {[%clk 0:08:31]} 33. Be2
{[%clk 0:19:21]} Qe6 {[%clk 0:08:44]} 34. Bd3 {[%clk 0:18:58]} f5
{[%clk 0:08:25]} 35. Be2 {[%clk 0:14:49]} Kg7 {[%clk 0:07:20]} 36. Bd3
{[%clk 0:14:59]} Qf6 {[%clk 0:07:15]} 37. Be2 {[%clk 0:12:12]} Kh8
{[%clk 0:06:54]} 38. Bf1 {[%clk 0:07:56]} Kg7 {[%clk 0:06:59]} 39. Be2
{[%clk 0:08:03]} Kh8 {[%clk 0:07:21]} 40. Bf1 {[%clk 0:37:50]} Kh7
{[%clk 0:34:16]} 41. Be2 {[%clk 0:36:36]} Re6 {[%clk 0:29:05]} 42. Bf3
{[%clk 0:30:56]} Rd8 {[%clk 0:27:40]} 43. Qb3 {[%clk 0:30:43]} Red6
{[%clk 0:27:16]} 44. R1c3 {[%clk 0:29:57]} Kh8 {[%clk 0:26:08]} 45. Qa2
{[%clk 0:28:37]} Qe6 {[%clk 0:23:23]} 46. Rc1 {[%clk 0:25:37]} g5
{[%clk 0:23:17]} 47. Be2 {[%clk 0:25:08]} g4 {[%clk 0:16:46]} 48. hxg4
{[%clk 0:22:26]} fxg4 {[%clk 0:17:10]} 49. Qd2 {[%clk 0:21:29]} Rg8
{[%clk 0:14:34]} 50. Bd3 {[%clk 0:20:37]} Qh6 {[%clk 0:11:08]} 51. Qe2
{[%clk 0:20:13]} Rf6 {[%clk 0:09:18]} 52. e4 {[%clk 0:17:51]} g3 {[%clk 0:07:39]}
53. Rf1 {[%clk 0:10:28]} h3 {[%clk 0:07:13]} 54. fxg3 {[%clk 0:10:38]} Rxf1+
{[%clk 0:03:01]} 55. Qxf1 {[%clk 0:10:40]} Qe3+ {[%clk 0:03:16]} 56. Kh1
{[%clk 0:10:12]} hxg2+ {[%clk 0:03:37]} 0-1

[Event "World Chess Olympiad 2018"]
[Site "Batumi"]
[Date "2018.09.26"]
[Round "3"]
[Board "3"]
[WhiteFideId "3507165"]
[White "Ortiz Suarez Isan Reynaldo"]
[BlackFideId "4701178"]
[Black "Pasko Llambi"]
[Result "1-0"]
[LiveChessVersion "1.4.8"]
[BlackElo "2386"]
[WhiteElo "2527"]

1. Nf3 {[%clk 1:30:57]} Nf6 {[%clk 1:30:39]} 2. c4 {[%clk 1:31:17]} g6
{[%clk 1:30:17]} 3. g3 {[%clk 1:31:40]} Bg7 {[%clk 1:30:30]} 4. Bg2
{[%clk 1:32:02]} O-O {[%clk 1:29:57]} 5. d4 {[%clk 1:32:18]} c6 {[%clk 1:30:11]}
6. O-O {[%clk 1:31:53]} d5 {[%clk 1:30:33]} 7. Nbd2 {[%clk 1:31:58]} Qb6
{[%clk 1:25:28]} 8. b3 {[%clk 1:26:29]} Bf5 {[%clk 1:22:56]} 9. Bb2
{[%clk 1:19:15]} a5 {[%clk 1:22:38]} 10. Ne5 {[%clk 1:11:27]} a4 {[%clk 1:18:35]}
11. e3 {[%clk 1:09:59]} axb3 {[%clk 1:10:49]} 12. axb3 {[%clk 1:06:31]} Na6
{[%clk 1:06:46]} 13. g4 {[%clk 1:04:10]} Be6 {[%clk 1:06:04]} 14. f4
{[%clk 1:03:48]} Qc7 {[%clk 0:52:22]} 15. f5 {[%clk 1:00:21]} Bc8
{[%clk 0:51:19]} 16. Qf3 {[%clk 0:46:55]} Nd7 {[%clk 0:49:16]} 17. Nd3
{[%clk 0:40:56]} e6 {[%clk 0:45:53]} 18. e4 {[%clk 0:38:34]} dxe4
{[%clk 0:44:06]} 19. Nxe4 {[%clk 0:38:31]} exf5 {[%clk 0:44:28]} 20. gxf5
{[%clk 0:38:56]} Nf6 {[%clk 0:44:55]} 21. Ng3 {[%clk 0:32:57]} Qb6
{[%clk 0:43:03]} 22. Ne5 {[%clk 0:27:54]} Nd7 {[%clk 0:42:14]} 23. Kh1
{[%clk 0:28:19]} Qc7 {[%clk 0:33:24]} 24. Ng4 {[%clk 0:26:09]} h5
{[%clk 0:32:33]} 25. Ne3 {[%clk 0:25:39]} Nf6 {[%clk 0:27:47]} 26. d5
{[%clk 0:24:12]} Bd7 {[%clk 0:27:54]} 27. Rad1 {[%clk 0:23:49]} Rae8
{[%clk 0:21:50]} 28. Bd4 {[%clk 0:23:40]} h4 {[%clk 0:20:23]} 29. Ne2
{[%clk 0:21:33]} Nh5 {[%clk 0:17:00]} 30. Bxg7 {[%clk 0:16:13]} Kxg7
{[%clk 0:17:11]} 31. Nd4 {[%clk 0:16:19]} Nc5 {[%clk 0:12:56]} 32. Ng4
{[%clk 0:13:46]} Ne4 {[%clk 0:12:02]} 33. Kg1 {[%clk 0:14:05]} cxd5
{[%clk 0:11:04]} 34. cxd5 {[%clk 0:13:49]} Ng5 {[%clk 0:07:46]} 35. Qf2
{[%clk 0:13:20]} h3 {[%clk 0:07:33]} 36. Bh1 {[%clk 0:13:09]} Qd6
{[%clk 0:00:45]} 37. Ne6+ {[%clk 0:10:41]} Bxe6 {[%clk 0:00:47]} 38. dxe6
{[%clk 0:10:15]} Qb4 {[%clk 0:01:16]} 39. Rd4 {[%clk 0:10:25]} Qb6
{[%clk 0:00:32]} 40. f6+ {[%clk 0:38:27]} Kh7 {[%clk 0:30:45]} 41. e7
{[%clk 0:38:18]} Rh8 {[%clk 0:27:44]} 42. Rd5 {[%clk 0:38:04]} Qxf2+
{[%clk 0:25:59]} 43. Rxf2 {[%clk 0:38:18]} Ne6 {[%clk 0:25:42]} 44. Rd1
{[%clk 0:31:39]} Rb8 {[%clk 0:20:01]} 45. Ne5 {[%clk 0:31:39]} Ng5
{[%clk 0:20:27]} 46. Nd7 {[%clk 0:31:40]} Rbc8 {[%clk 0:20:20]} 47. Bxb7
{[%clk 0:32:01]} 1-0

[Event "World Chess Olympiad 2018"]
[Site "Batumi"]
[Date "2018.09.26"]
[Round "3"]
[Board "4"]
[WhiteFideId "4700066"]
[White "Ashiku Franc"]
[BlackFideId "3503313"]
[Black "Almeida Quintana Omar"]
[Result "0-1"]
[LiveChessVersion "1.4.8"]
[BlackElo "2540"]
[WhiteElo "2373"]

1. Nf3 {[%clk 1:30:54]} d6 {[%clk 1:30:32]} 2. d4 {[%clk 1:31:15]} g6
{[%clk 1:30:56]} 3. g3 {[%clk 1:31:36]} Bg7 {[%clk 1:31:16]} 4. Bg2
{[%clk 1:31:54]} Nf6 {[%clk 1:31:01]} 5. O-O {[%clk 1:32:16]} O-O
{[%clk 1:31:21]} 6. b3 {[%clk 1:32:40]} c6 {[%clk 1:29:47]} 7. Bb2
{[%clk 1:31:06]} a5 {[%clk 1:29:36]} 8. c4 {[%clk 1:30:12]} Na6 {[%clk 1:25:04]}
9. Nc3 {[%clk 1:28:45]} Rb8 {[%clk 1:23:51]} 10. Ne1 {[%clk 1:20:34]} b5
{[%clk 1:18:38]} 11. cxb5 {[%clk 1:10:03]} cxb5 {[%clk 1:18:59]} 12. Nd3
{[%clk 1:10:14]} Bb7 {[%clk 1:12:04]} 13. Bxb7 {[%clk 1:05:28]} Rxb7
{[%clk 1:12:27]} 14. a4 {[%clk 1:04:29]} Nc7 {[%clk 1:05:00]} 15. b4
{[%clk 1:01:21]} axb4 {[%clk 0:59:36]} 16. Nxb4 {[%clk 1:01:30]} bxa4
{[%clk 0:59:53]} 17. Qxa4 {[%clk 1:01:40]} Qd7 {[%clk 0:59:07]} 18. Qxd7
{[%clk 0:39:14]} Nxd7 {[%clk 0:59:30]} 19. Nca2 {[%clk 0:39:35]} Ra8
{[%clk 0:41:09]} 20. Nd3 {[%clk 0:37:38]} Rxb2 {[%clk 0:37:33]} 21. Nxb2
{[%clk 0:37:17]} Bxd4 {[%clk 0:37:58]} 22. Nb4 {[%clk 0:28:56]} Bxb2
{[%clk 0:35:29]} 23. Rxa8+ {[%clk 0:29:14]} Nxa8 {[%clk 0:35:52]} 24. Rb1
{[%clk 0:29:39]} Be5 {[%clk 0:30:41]} 25. Nc6 {[%clk 0:22:23]} Kf8
{[%clk 0:30:03]} 26. f4 {[%clk 0:22:11]} Bf6 {[%clk 0:28:45]} 27. Rb7
{[%clk 0:22:36]} Nab6 {[%clk 0:27:09]} 28. e4 {[%clk 0:22:13]} e6
{[%clk 0:21:06]} 29. Kg2 {[%clk 0:22:36]} Ke8 {[%clk 0:19:36]} 30. Kf3
{[%clk 0:22:21]} h5 {[%clk 0:17:58]} 31. h3 {[%clk 0:21:43]} Nc4 {[%clk 0:14:20]}
32. Ra7 {[%clk 0:21:56]} Nc5 {[%clk 0:14:10]} 33. Ra2 {[%clk 0:18:38]} Bc3
{[%clk 0:11:36]} 34. Ke2 {[%clk 0:16:15]} Nxe4 {[%clk 0:11:06]} 35. g4
{[%clk 0:14:51]} Kd7 {[%clk 0:09:19]} 36. Na7 {[%clk 0:14:32]} d5
{[%clk 0:09:02]} 37. Ra6 {[%clk 0:13:21]} Nc5 {[%clk 0:09:04]} 38. Rc6
{[%clk 0:13:17]} Bb4 {[%clk 0:09:13]} 0-1